| 000 | 01836nam0a2200325 i 4500 | ||
|---|---|---|---|
| 001 | RU\NLR\BIBL_A\010713916 | ||
| 005 | 20260407143352.0 | ||
| 021 |
_aRU _b2015-11441 _93243 |
||
| 021 |
_aRU _b2015-11441 _9696 |
||
| 035 | _a(NILC)RuMoRGB-007873461 | ||
| 035 | _a(NLR Aleph) 010713916 | ||
| 090 |
_a9787497 _c9787497 |
||
| 100 | _a20150403d2014 km y0rusy50 ca | ||
| 101 | 0 | _arus | |
| 102 | _aRU | ||
| 105 | _aa|||z|||000yy | ||
| 200 | 1 |
_aПредложения в программу развития комплекса спектрометров на реакторе ИБР-2 на 2015-2020 гг. _fЛаб. нейтронной физики им. И. М. Франка, Науч.-экспериментальный отдел нейтронных исслед. конденсированных сред _g[сост.: Ю. Е. Горшкова _gпод ред. Д. П. Козленко] |
|
| 210 |
_aДубна _cиздательский отдел Объединеннного института ядерных исследований _d2014 |
||
| 215 |
_a106 с. _cцв. ил. _d29 |
||
| 320 | _aБиблиогр. в конце разд. | ||
| 606 |
_aИБР-2, ядерные реакторы _xСпектрометры _92182335 _3RU\NLR\AUTH\661312274 |
||
| 686 | 1 | _aВ381.51 | |
| 702 | 1 |
_aГоршкова _bЮ. Е. _4220 |
|
| 702 | 1 |
_aКозленко _bД. П. _gДенис Петрович _4340 |
|
| 712 | 0 | 2 |
_aЛаборатория нейтронной физики им. И. М. Франка _cДубна _bНаучно-экспериментальный отдел нейтронных исследований конденсированных сред _3RU\NLR\AUTH\8810086753 _9675197 |
| 801 | 0 |
_aRU _bРГБ _c20150220 _gRCR |
|
| 942 | _cBOOK | ||
| 980 | _aNBR | ||